000 00681nam a2200253Ia 4500
003 OSt
005 20221005050210.0
006 a|||||r|||| 00| 0
007 ta
008 221004b |||||||| |||| 00| 0 mal d
020 _c9.00
024 _a57207
037 _cTextual
040 _aCRL
_cCRL
_bmal
041 _2mal
_amal
082 _aO32,3N34,18, K3
100 _aNair M.T.Vasudevan Au.
_9185639
245 0 _aNashtappetta Dinangal
260 _aKottayam
_bCurrent Books
_c1960
300 _a113p.
_ccm.
650 _aMALAYALAM FICTION
_9183428
942 _hO32,3N34,18, K3
_cTEXL
_2cc
999 _c956474
_d956474